| 000 | 00811nam a2200241 i 4500 | ||
|---|---|---|---|
| 001 | 187653 | ||
| 003 | ES-MaACL | ||
| 005 | 20231215124614.0 | ||
| 008 | 171215s2016 sp a |||| | spa d | ||
| 020 | _a978-84-9060-686-5 | ||
| 080 | _a32(460.27)"1995/..." | ||
| 100 | 1 |
_aMerlos, Alfonso. _9163931 |
|
| 245 | 1 | 0 |
_aCristina Cifuentes _b: sin ataduras / _cAlfonso Merlos. |
| 250 | _a1ª ed. | ||
| 260 |
_aMadrid : _bLa Esfera de los Libros, _c2016. |
||
| 300 |
_a341 p., [32] p. de lám. ; _c24 cm. |
||
| 600 | 1 | 4 |
_aCifuentes, Cristina. _9163932 |
| 651 | 4 |
_aMadrid- _xPolítica y gobierno. _9160599 |
|
| 852 |
_aES-MaACL _jA-14151 _9194741 _bR.151435 _cDEPO1 _dOlim: N-7151 _hDonación: Miguel Calvo |
||
| 903 |
_9234610 _aCalvo López, Miguel _ednr |
||
| 942 |
_2udc _cMONOGRAFIA |
||
| 999 |
_c187653 _d187653 |
||